Flags Animation part 1 - Statistics

General Stats
  • This quiz has been taken 48 times
  • The average score is 14 of 15
Answer Stats
Picture Hint Answer % Correct
Make cross big and Change Brightness the Canvas. Denmark
100%
Break Both Triangle Outline it Blue and Appear Two Different Symbols. Nepal
100%
Rotate, Wide it, And Then Turn Stripe to Triangle Qatar
100%
First Flag. Switzerland
100%
Remove The Crescent Symbol and Pop the Star For 50 Stars and Change amount the Stripes. United states
100%
Remove The Star Turn Canton to Triangle and Assembly stand at Left. Czech republic
97%
Remove the Pale One And Change color. Latvia
97%
Made Triangle Odd Then Changing The Stripe Color. Bahrain
95%
Wide the Stripes and Add Them Pale One Cause They Just like a Cross. Iceland
95%
UnGroup The Symbol Crescent With Star And Then Add Stripe and Canton Put Symbol to Canton Perfectly. Malaysia
95%
Changing The Stripe Male Canton Big By Little Bit. Chile
92%
Change Color Invert without White. Cuba
89%
Change Stripe, Assemble the Canton Small, And Remove 49 Stars, Also Put Star at Canton. Liberia
87%
Turn Triangle To Square and Wide by Fit then Make Stripe fit Square. Costa rica
82%
Change Stripe and Color And Then Add Star Put Star into Left. (Optional) Puerto Rico
71%
No matching quizzes found
Score Distribution
Percent of People with Each Score
Percentile by Number Answered
Your Score History
You have not taken this quiz